Welches Land macht das beste Essen Top 30 - Statistiken

Allgemein
  • Dieses Quiz wurde 1.481 mal gespielt
  • Das Durchschnittsergebnis liegt bei 21 aus 30
Antwortstatistiken
Platz Bewertung Antwort % Korrekt
1 4,72 Italien
98%
15 4,37 Deutschland
97%
11 4,49 China
95%
3 4,59 Spanien
95%
9 4,51 Frankreich
94%
4 4,59 Japan
93%
8 4,51 USA
91%
2 4,68 Griechenland
87%
7 4,52 Türkei
86%
5 4,54 Indien
84%
6 4,53 Mexiko
84%
12 4,49 Brasilien
81%
13 4,47 Portugal
79%
14 4,44 Polen
77%
30 4,16 Thailand
76%
18 4,33 Argentinien
69%
19 4,31 Süd Korea
69%
17 4,33 Kroatien
64%
20 4,31 Vietnam
63%
21 4,26 Ungarn
56%
16 4,37 Indonesien
52%
27 4,21 Tschechien
51%
10 4,51 Peru
50%
24 4,23 Iran
48%
25 4,23 Serbien
48%
22 4,25 Rumänien
41%
28 4,20 Bulgarien
39%
29 4,18 England
36%
23 4,25 Philippinen
31%
26 4,23 Georgien
17%
Keine übereinstimmenden Quizze gefunden
Verteilung der Resultate
Anzahl Personen mit jedem Resultat
Perzentil nach korrekt beantworteten Fragen
Ihre Resultats-Entwicklung
Sie haben dieses Quiz noch nicht gespielt